[Event "Malakhatko Memorial op"]
[Site "Chess.com INT"]
[Date "2023.06.14"]
[Round "10"]
[White "Gavrikov, Vladimir"]
[Black "Grechko, Valentin"]
[Result "0-1"]
[WhiteElo "2167"]
[BlackElo "2122"]
[PlyCount "60"]
[EventDate "2023.06.14"]
[EventType "swiss (blitz)"]
[EventRounds "11"]
[EventCountry "USA"]
[SourceTitle "CBM 214 Extra"]
[Source "ChessBase"]
[SourceDate "2023.07.31"]
[SourceVersion "1"]
[SourceVersionDate "2023.07.31"]
[SourceQuality "1"]

1. e4 c5 2. Nf3 d6 3. d3 g6 4. g3 Bg7 5. Bg2 Nc6 6. 0-0 e6 7. Re1 Nge7 8. c3 0-0 9. a3 Rb8 10. d4 cxd4 11. cxd4 d5 12. e5 h6 13. Be3 b5 14. b4 a5 15. Nbd2 axb4 16. axb4 Nxb4 17. Qb3 Nbc6 18. Rec1 Bd7 19. Bf1 b4 20. Ra6 Rb6 21. Rca1 Nf5 22. Bd3 Nxe3 23. fxe3 Qc7 24. Ra8 Rxa8 25. Rxa8+ Rb8 26. Ra1 Na5 27. Qa2 Qc3 28. Ne1 Nc4 29. Nxc4 dxc4 30. Qxc4 Qxa1 0-1

[Event "Malakhatko Memorial op"]
[Site "Chess.com INT"]
[Date "2023.06.14"]
[Round "8"]
[White "Zavgorodniy, Sergiy"]
[Black "Gavrikov, Vladimir"]
[Result "1-0"]
[WhiteElo "2416"]
[BlackElo "2167"]
[PlyCount "115"]
[EventDate "2023.06.14"]
[EventType "swiss (blitz)"]
[EventRounds "11"]
[EventCountry "USA"]
[SourceTitle "CBM 214 Extra"]
[Source "ChessBase"]
[SourceDate "2023.07.31"]
[SourceVersion "1"]
[SourceVersionDate "2023.07.31"]
[SourceQuality "1"]

1. e4 e6 2. Qe2 c5 3. Nf3 b6 4. g3 Nc6 5. Bg2 Bb7 6. 0-0 Nge7 7. c3 d5 8. e5 Ng6 9. d4 cxd4 10. cxd4 Be7 11. h4 Nf8 12. h5 Nd7 13. h6 g6 14. Nc3 a6 15. Rd1 0-0 16. Bf4 Rc8 17. Rac1 Na5 18. b3 Ba3 19. Bg5 Qe8 20. Rc2 Rc6 21. Nh2 Qc8 22. Rd3 b5 23. Bd2 b4 24. Nxd5 exd5 25. Rxc6 Qxc6 26. Bh3 Re8 27. Rf3 Bc8 28. Ng4 Nb7 29. Qd3 Nd8 30. Nf6+ Nxf6 31. Rxf6 Ne6 32. Bg2 Bc1 33. Bxb4 Bxh6 34. Kh2 Bg7 35. Rf3 Qb5 36. Qd2 Bb7 37. a4 Qd7 38. Bh3 Rc8 39. Rd3 Qc7 40. Bc3 h6 41. f4 Re8 42. Ba5 Qe7 43. Bb4 Qd8 44. Ba5 Qd7 45. f5 Ng5 46. g4 Nxh3 47. Rxh3 gxf5 48. g5 hxg5 49. Qxg5 Qe7 50. Qh5 Rc8 51. Qh7+ Kf8 52. Rg3 Rc2+ 53. Kh3 Bxe5 54. dxe5 Qxe5 55. Bb4+ Ke8 56. Rg8+ Kd7 57. Qxf7+ Kc6 58. Rg6+ 1-0